Kjente byggverk og steder etter bilde - Statistics

General Stats
  • This quiz has been taken 296 times
  • The average score is 22 of 39
Answer Stats
Picture Answer % Correct
Eiffeltårnet (Paris, Frankrike)
96%
Empire State Building (New York, USA)
88%
Operahuset i Sydney (Sydney, Australia)
85%
Colosseum (Roma, Italia)
83%
Det skjeve tårnet i Pisa (Italia)
83%
Taj Mahal (Agra, India)
83%
Den kinesiske mur (Kina)
82%
Tower Bridge (London, Storbritannia)
81%
Palace of Westminster (Parlamentet) (London, Storbritannia)
79%
Frihetsgudinnen (New York, USA)
78%
Moai-stuatuer (Påskeøya, Chile)
71%
Parthenon på Akropolis (Athen, Hellas)
71%
World Trade Center aka Twin Towers (New York, USA)
69%
Vasilij-katedralen (Moskva, Russland)
68%
Stonehenge (Wiltshire, England, Storbritannia)
67%
Triumfbuen (Paris, Frankrike)
67%
Kristusstatuen (Rio de Janeiro, Brasil)
66%
Burj Khalifa (Dubai, Forente arabiske emirater)
64%
Pentagon (Arlington, Virginia, USA)
62%
Machu Picchu (Peru)
59%
Washington-monumentet (Washington, D.C., USA)
59%
Sagrada Familia (Barcelona, Spania)
57%
Keops-pyramiden (Giza, Egypt)
54%
US Capitol (Kongressen) (Washington, D.C., USA)
54%
Notre-Dame i Paris (Frankrike)
52%
Petra (Jordan)
46%
Den forbudte by (Beijing, Kina)
43%
Peterskirken og Petersplassen (Vatikanstaten)
41%
FN-bygningen (New York, USA)
40%
Chichen Itza (Yucatan, Mexico)
39%
Hagia Sofia (Istanbul, Tyrkia)
34%
Tokyo Tower (Tokyo, Japan)
34%
Petronas Towers (Kuala Lumpur, Malaysia)
33%
Angkor Wat (Kambodsja)
28%
Willis Tower aka Sears Tower (Chicago, USA)
20%
Kreml ved Den røde plass (Moskva, Russland)
19%
Knossos (Kreta, Hellas)
10%
Oriental Pearl Tower (Shanghai, Kina)
8%
Store Zimbabwe (Masvingo-provinsen, Zimbabwe)
1%
No matching quizzes found
Score Distribution
Percent of People with Each Score
Percentile by Number Answered
Your Score History
You have not taken this quiz